Snakes in the southeast by picture - Statistics

General Stats
  • This quiz has been taken 57 times
  • The average score is 5 of 8
Answer Stats
Picture Answer % Correct
Cottonmouth
87%
Eastern Copperhead
87%
Corn Snake
79%
Burmese Python
71%
Milksnake
69%
Black Racer
40%
Speckled Kingsnake
13%
Eastern Kingsnake
12%
No matching quizzes found
Score Distribution
Percent of People with Each Score
Percentile by Number Answered
Your Score History
You have not taken this quiz